Catálogo
 En Linea

Andres Bello / (Registro nro. 39298)

Detalles MARC
000 -CABECERA
campo de control de longitud fija 00453nam a2200145 a 4500
001 - NÚMERO DE CONTROL
campo de control 000039808
005 - FECHA Y HORA DE LA ÚLTIMA TRANSACCIÓN
campo de control 20201002033739.0
008 - DATOS DE LONGITUD FIJA--INFORMACIÓN GENERAL
campo de control de longitud fija 130722s1989 cu 000 0 spa d
040 ## - FUENTE DE LA CATALOGACIÓN
Centro catalogador/agencia de origen DO-SdBNP
Lengua de catalogación spa
Centro/agencia transcriptor BNPHU
082 ## - NÚMERO DE LA CLASIFICACIÓN DECIMAL DEWEY
Número de clasificación xxx
245 00 - MENCIÓN DE TÍTULO
Título Andres Bello /
Mención de responsabilidad, etc. editor Manuel Gayol Mecías.
260 ## - PUBLICACIÓN, DISTRIBUCIÓN, ETC.
Lugar de publicación, distribución, etc. Cuba :
Nombre del editor, distribuidor, etc. Centro de Investigaciones Literarias, Casa de las Américas,
Fecha de publicación, distribución, etc. 1989.
300 ## - DESCRIPCIÓN FÍSICA
Extensión 848 p. ;
Dimensiones 21 cm.
700 1# - PUNTO DE ACCESO ADICIONAL--NOMBRE DE PERSONA
Nombre de persona Gayol Mecías, Manuel,
Término indicativo de función/relación ed.
9 (RLIN) 66004
Existencias
Estado de retiro Estado de pérdida Restricciones de uso No para préstamo Código de colección Localización permanente Ubicación/localización actual Ubicación en estantería Fecha de adquisición Número de inventario Total de préstamos Signatura topográfica completa Código de barras Fecha visto por última vez Precio válido a partir de Tipo de ítem Koha
      Excluido de préstamo Monografías: Libros y Folletos General General En catalogación 22.07.2013 LF1   xxx 39808-10 25.06.2020 25.06.2020 No se presta

Con tecnología Koha